00319nam a2200109Ia 4500008004100000020001500041082001600056100002400072245006500096260003500161300001300196161229s9999 xx 000 0 und d a0684833697 a650 WILL/RE aWilliams, Jeffrey R aRenewable advantage: crafting strategy through economic time bThe free pressaNew Yorkc1998 axii, 256